Statistics for Nora Roberts Bibliography

Click here to take the quiz!

General Stats

  • This quiz has been taken 2 times
  • The average score is 133 of 321

Answer Stats

Type Year Name % Correct
Compilation2004The Gift
100%
Novel2004Divided in Death
50%
Novel2002Three Fates
50%
Novella2002A World Apart
50%
Novel2003Birthright
50%
Compilation2003Engaging the Enemy
50%
Novel2003Imitation in Death
50%
Novel2003Key of Knowledge
50%
Novel2003Key of Light
50%
Compilation2003Love by Design
50%
Compilation2003Mysterious
50%
Novel2003Portrait in Death
50%
Compilation2003Remember When
50%
Compilation2003Truly, Madly Manhattan
50%
Novella2003The Witching Hour
50%
Compilation2004Born O'Hurley
50%
Novel1981Irish Thoroughbred
50%
Novel2002Reunion in Death
50%
Novel2004Northern Lights
50%
Compilation2004Reunion
50%
Novel2004Visions in Death
50%
Compilation2004Winner Takes All
50%
Novel2005Black Rose
50%
Novel2005Blue Smoke
50%
Compilation2005O'Hurley's Return
50%
Novel2005Origin in Death
50%
Novel2005Red Lily
50%
Novel2005Survivor in Death
50%
Novel2006Angels Fall
50%
Short Story2006Haunted in Death
50%
Novel2006Born in Death
50%
Novel2006Dance of the Gods
50%
Compilation2002Summer Pleasures
50%
Novel2002Purity in Death
50%
Novel2006Morrigan's Cross
50%
Compilation2000Night Tales
50%
Compilation1999The Donovan Legacy
50%
Novel1999Enchanted
50%
Novel1999Inner Harbor
50%
Novel1999Jewels of the Sun
50%
Novel1999Loyalty in Death
50%
Novel1999The Perfect Neighbor
50%
Novel1999River's End
50%
Novel2000Carolina Moon
50%
Novel2000Heart of the Sea
50%
Novella2000In Dreams
50%
Compilation2000Irish Hearts
50%
Novel2000Irish Rebel
50%
Novel1982Blithe Images
50%
Novel2000Night Shield
50%
Novel2000Tears of the Moon
50%
Compilation2002A Little Magic
50%
Novel2000Witness in Death
50%
Novel2001Betrayal in Death
50%
Novel2001Considering Kate
50%
Novel2001Dance Upon the Air
50%
Novella2001Interlude in Death
50%
Novel2001Midnight Bayou
50%
Compilation2001Reflections and Dreams
50%
Novel2001Seduction in Death
50%
Compilation2001Time and Again
50%
Novel2001The Villa
50%
Novel2002Chesapeake Blue
50%
Compilation2002Cordina's Royal Family
50%
Novel2002Face the Fire
50%
Compilation2002Going Home
50%
Novel2006Memory in Death
50%
Novel2006Valley of Silence
50%
Novel1998The Winning Hand
50%
Novel2015Stars of Fortune
50%
Novel2012The Perfect Hope
50%
Novel2013Calculated in Death
50%
Novel2013Whiskey Beach
50%
Novel2013Thankless in Death
50%
Short Story2013Taken in Death
50%
Novel2013Dark Witch
50%
Novel2014Concealed in Death
50%
Novel2014Shadow Spell
50%
Novel2014The Collector
50%
Novel2014Blood Magick
50%
Novel2014Festive in Death
50%
Novel2015Obsession in Death
50%
Novel2015The Liar
50%
Novel2015Devoted in Death
50%
Novel2016Brotherhood in Death
50%
Novel2012The Last Boyfriend
50%
Novel2016The Obsession
50%
Novel2016Bay of Sighs
50%
Novel2016Apprentice in Death
50%
Novel2016Island of Glass
50%
Novel2017Echoes in Death
50%
Novel2017Come Sundown
50%
Novel2017Secrets in Death
50%
Novel2017Year One
50%
Novel2018Dark in Death
50%
Novel2018Shelter in Place
50%
Novel2018Leverage in Death
50%
Novel2018Of Blood & Bone
50%
Novel2019Connections in Death
50%
Novel2019Under Currents
50%
Novel2012Delusion in Death
50%
Novel2012The Witness
50%
Novel2006Innocent in Death
50%
Novel2009Kindred in Death
50%
Novel2007Blood Brothers
50%
Novel2007Creation in Death
50%
Novel2007Eternity in Death
50%
Novel2007High Noon
50%
Compilation2007Stars
50%
Novel2008The Hollow
50%
Novel2008The Pagan Stone
50%
Short Story2008Ritual in Death
50%
Novel2008Salvation in Death
50%
Novel2008Strangers in Death
50%
Compilation2008Treasures
50%
Novel2008Tribute
50%
Novel2009Bed of Roses
50%
Novel2009Black Hills
50%
Short Story2009Missing in Death
50%
Novel2012Celebrity in Death
50%
Novel2009Promises in Death
50%
Novel2009Vision in White
50%
Novel2010Fantasy in Death
50%
Compilation2010Big Jack
50%
Novel2010Savor the Moment
50%
Novel2010The Search
50%
Novel2010Indulgence in Death
50%
Short Story2010Possession in Death
50%
Novel2010Happy Ever After
50%
Novel2011Treachery in Death
50%
Novel2011Chasing Fire
50%
Novel2011New York to Dallas
50%
Short Story2011Chaos in Death
50%
Novel2011The Next Always
50%
Novel1999Conspiracy in Death
50%
Novel2000Judgment in Death
50%
Novel1991A Man for Amanda
50%
Novel1991Night Shadow
50%
Novel1986Affaire Royale
50%
Novel1985Summer Desserts
50%
Novel1990Without a Trace
50%
Novel1991Courting Catherine
50%
Novella1998Spellbound
50%
Novel1991For the Love of Lilah
50%
Novel1985The Right Path
50%
Novel1991Genuine Lies
50%
Novel1991Luring a Lady
50%
Novel1991Night Shift
50%
Novel1985One Man's Art
50%
Novel1985All the Possibilities
50%
Novel1991Suzanna's Surrender
50%
Novel1986The Art of Deception
50%
Novel1985Tempting Fate
50%
Novel1985Playing the Odds
50%
Novel1992Captivated
50%
Novel1992Entranced
50%
Novel1992Carnal Innocence
50%
Novel1992Charmed
50%
Novel1985Partners
50%
Novel1985Night Moves
50%
Novel1985Dual Image
50%
Novel1985Boundary Lines
50%
Novel1984Sullivan's Woman
50%
Novel1992Divine Evil
50%
Novel1984Storm Warning
50%
Novel1990Times Change
50%
Novel1990Taming Natasha
50%
Novel1987For Now, Forever
50%
Novel1988Local Hero
50%
Novel1987Command Performance
50%
Novel1987Mind Over Matter
50%
Novel1986A Will and a Way
50%
Novel1987The Playboy Prince
50%
Novel1987Sacred Sins
50%
Novel1987Temptation
50%
Novel1986One Summer
50%
Novel1988Brazen Virtue
50%
Novel1988Irish Rose
50%
Novel1988Dance to the Piper
50%
Novel1988Skin Deep
50%
Novel1986Risky Business
50%
Novel1988Name of the Game
50%
Novel1990Public Secrets
50%
Novella1988Rebellion
50%
Novel1989Loving Jack
50%
Novel1989Best Laid Plans
50%
Novel1986Second Nature
50%
Novel1989Gabriel's Angel
50%
Novella1989Impulse
50%
Novel1989Lawless
50%
Novel1989Sweet Revenge
50%
Novel1989Time Was
50%
Novel1989The Welcoming
50%
Novella1990In From the Cold
50%
Novel1986Lessons Learned
50%
Novella1986Home for Christmas
50%
Novel1984Rules of the Game
50%
Novel1992Unfinished Business
50%
Novel1984Promise Me Tomorrow
50%
Novel1983Her Mother's Keeper
50%
Novel1983This Magic Moment
50%
Novel1997Captive Star
50%
Novel1997Ceremony in Death
50%
Novel1983Dance of Dreams
50%
Novel1997Holding the Dream
50%
Novel1997Finding the Dream
50%
Novel1997The MacGregor Brides
50%
Novel1983Reflections
50%
Novel1997Sanctuary
50%
Novel1983Once More with Feeling
50%
Novel1997Vengeance in Death
50%
Novel1997Waiting for Nick
50%
Novel1983From This Day
50%
Novel1996Rapture in Death
50%
Novel1998Holiday in Death
50%
Novel1982Song of the West
50%
Novel1982Search For Love
50%
Novel1998Homeport
50%
Novel1998The MacGregor Grooms
50%
Novel1982Island of Flowers
50%
Novel1982Heart's Victory
50%
Novella1998Midnight in Death
50%
Novel1998The Reef
50%
Novel1998Rising Tides
50%
Novel1998Sea Swept
50%
Novel1998Secret Star
50%
Novel1992Cordina's Crown Jewel
50%
Novel1983Tonight and Always
50%
Novel1996Montana Sky
50%
Novel1995Glory in Death
50%
Novel1984Opposites Attract
50%
Novel1993Falling for Rachel
50%
Novel1993Nightshade
50%
Novel1993Private Scandals
50%
Novella1994All I Want for Christmas
50%
Novel1984A Matter of Choice
50%
Novel1994Born in Fire
50%
Novel1994Convincing Alex
50%
Novel1984Less of a Stranger
50%
Novel1994Hidden Riches
50%
Novel1994Night Smoke
50%
Novel1995Born in Ice
50%
Novel1996Megan's Mate
50%
Novel1995Naked in Death
50%
Novel1984The Law is a Lady
50%
Novel1995The Return of Rafe MacKade
50%
Novel1996Immortal in Death
50%
Compilation1996From the Heart
50%
Novel1983Untamed
50%
Novel1996The Fall of Shane MacKade
50%
Novel1996The Heart of Devin MacKade
50%
Novel1984Endings and Beginnings
50%
Novel1996Daring to Dream
50%
Novel1984First Impressions
50%
Novel1996Born in Shame
50%
Novel1995True Betrayals
50%
Novel1995The Pride of Jared MacKade
50%
Novel1987Hot Ice
50%
Compilation2010Secrets and Sunsets
0%
Novel1982Melodies of Love
0%
Novel1986Tresures Lost
0%
Novel2019Vendetta in Death
0%
Compilation2011Time of Death
0%
Compilation1998Three Complete Novels
0%
Compilation2010Hot Rocks
0%
Novella2001Chapter 2
0%
Compilation2003Two of a Kind
0%
Novella1994The Best Mistake
0%
Compilation2003Irish Born
0%
Compilation2002Table for Two
0%
Compilation1996The Calhoun Women
0%
Compilation2002Dangerous
0%
Novella2001Winter Rose
0%
Novel1997Hidden Star
0%
Novel2001Heaven and Earth
0%
Compilation2000The Stanislaski Brothers: Mikhail and Alex
0%
Compilation2004Chamed & Enchanted
0%
Compilation1997The Stanislaski Sisters: Natasha and Rachel
0%
Compilation1998The Calhoun Women: Catherine and Amanda
0%
Compilation1998The Calhoun Women: Lilah and Suzanna
0%
Short Story2000Christmas with the Quinns
0%
Short Story2000Christmas in Ardmore
0%
Compilation1998The MacGregors: Serena ~ Caine
0%
Compilation1999The MacGregors: Daniel ~ Ian
0%
Compilation1999The MacGregors: Alan ~ Grant
0%
Novella1999Ever After
0%
Novel2004Blue Dahila
0%
Novel1992Honest Illusions
0%
Compilation2009Worth the Risk
0%
Compilation2006Cordina's Royal Family: Gabriella & Alexander
0%
Compilation2009Windfall
0%
Compilation2009The Law of Love
0%
Novel1988The Last Honest Woman
0%
Compilation2008Three in Death
0%
Compilation2007The MacGregors: Robert ~ Cybil
0%
Compilation2007Irish Dreams
0%
Compilation2006The Quinn Legacy: Phillip & Seth
0%
Compilation2006The Quinn Brothers: Cam & Ethan
0%
Compilation2006Dream Makers
0%
Compilation2006Cordina's Royal Family: Bennett & Camilla
0%
Novel2004Key of Valor
0%
Compilation2005Rules of Play
0%
Compilation2005The Calhouns: Suzanna and Megan
0%
Compilation2005The Calhouns: Catherine, Amanda, & Lilah
0%
Novella2004Wolf Moon
0%
Compilation2004With Open Arms
0%
Compilation2004The MacKade Brothers: Rafe and Jared
0%
Compilation2004The MacKade Brothers: Devin and Shane
0%
Compilation2004Lovers & Dreamers
0%
Compilation2004A Little Fate
0%
Novel2019The Rise of Magicks
0%

Score Distribution

Percentile by Number Answered

Percent of People with Each Score

Your Score History

You have not taken this quiz